| 000 | 01148nam0a2200325 4500 | ||
|---|---|---|---|
| 001 | RU\NLR\bibl\1292738 | ||
| 005 | 20260406052735.0 | ||
| 010 |
_a978-5-17-053715-0 _bАСТ(С.:Шр.) |
||
| 010 |
_a978-5-9713-8848-7 _bАСТ МОСКВА _97000 |
||
| 021 |
_aRU _b2008-73134 _94201 |
||
| 035 | _a(nilc)EL/0000225486 | ||
| 035 | _a(NLR Aleph) 001278397 | ||
| 090 |
_a483312 _c483312 |
||
| 100 | _a20081107d2008 |||y0rusy50 ca | ||
| 101 | 1 |
_arus _ceng |
|
| 102 | _aRU | ||
| 105 | _ay ||||||||| | ||
| 200 | 1 |
_aОдин прекрасный вечер _eроман _fКристина Додд _g[пер. с англ. Я.Е. Царьковой] |
|
| 210 |
_aМосква _cАСТ _cАСТ МОСКВА _d2008 |
||
| 215 |
_a318, [1] с. _d21 |
||
| 225 | 1 | _aШарм | |
| 686 |
_a84.7США _vLBC/PL _2rubbk |
||
| 686 | _aШ6(7США)67-440.4{Лх1979-50} | ||
| 700 | 1 |
_4070 _8rus _7ca _aДодд _bК. _gКристина _3RU\NLR\auth\777645 _9117577 |
|
| 801 | 0 |
_aRU _bЦУНБ Москва _c20081107 _grcr |
|
| 801 | 1 |
_aRU _bЦУНБ Москва _c20081107 _2rusmarc |
|
| 801 | 2 |
_aRU _bNLR _c20081110 _grcr |
|
| 942 | _cBOOK | ||
| 980 | _aNB | ||